| 000 | 00952nam a22001815i 4500 | ||
|---|---|---|---|
| 001 | 172927 | ||
| 003 | ES-MaACL | ||
| 005 | 20250511122604.0 | ||
| 008 | 090916s1881 sp |||| | spa d | ||
| 245 | 0 | 0 |
_aCrónica de los festejos con que la Universidad de Granada ha celebrado el segundo centenario del fallecimiento de don Pedro Calderón de la Barca _b: discursos y poesías leidas en alabanza del egregio poeta en la solemne sesión literaria que tuvo lugar en el paraninfo de la universidad : letra de los himnos cantados en la velada literaria y artística que se dio en el teatro de Isabel la Católica a expensas de dicho centro científico. |
| 260 |
_aGranada : _b[s.n.], _c1881 ( _fImpr. de Ventura Sabatel) |
||
| 300 |
_a145 p. ; _c25 cm. |
||
| 600 | 1 | 4 |
_aCalderón de la Barca, Pedro, _d1600-1681 _9239594 |
| 710 | 2 |
_aUniversidad de Granada. _97176 |
|
| 852 |
_aES-MaACL _jT-385-F-11 |
||
| 942 | _2udc | ||
| 999 |
_c172927 _d172927 |
||